Normal view
MARC view
- Al -Tall Ahmad Yousef
Entry Personal Name
001 - CONTROL NUMBER
- control field: 2738
003 - CONTROL NUMBER IDENTIFIER
- control field: JO-AjAnu
005 - DATE AND TIME OF LATEST TRANSACTION
- control field: 20230606070743.0
008 - FIXED-LENGTH DATA ELEMENTS
- fixed length control field: 230606|| aca||aabn | a|a d
040 ## - CATALOGING SOURCE
- Original cataloging agency: JO-AjAnu
- Transcribing agency: JO-AjAnu
100 ## - HEADING--PERSONAL NAME
- Personal name: Al -Tall Ahmad Yousef
670 ## - SOURCE DATA FOUND
- Source citation: Work cat.: (JO-AjAnu)1433: Al -Tall Ahmad Yousef, author, King Hussein’s Legacy: the components of king Hussein,s policy and its impact on the Economic development of jordan 1953-1990